| 000 | 00810nam a2200241 a 4500 | ||
|---|---|---|---|
| 999 |
_c12640 _d12640 |
||
| 001 | 12640 | ||
| 003 | BD-JhCC | ||
| 005 | 20221024120142.0 | ||
| 008 | 221024s2019 bg |||| |||| 000 0 ban d | ||
| 020 | _a9789845262224 | ||
| 035 | _a(BD-JhCC)12640 | ||
| 040 |
_aBD-JhCC _dBD-JhCC |
||
| 041 | _aBangla | ||
| 082 |
_a355 _bRAN 2021 |
||
| 100 | _aরানা, এমডি. আমিনুল ইসলাম | ||
| 245 |
_aISSB আই কিউ টেস্ট বুক / _cএমডি. আমিনুল ইসলাম রানা, |
||
| 260 |
_aঢাকা : _bঅনিন্দ্য প্রকাশ, _c২০১৯ |
||
| 300 |
_a২৩৯ পৃ. : _c২১ সেমি. |
||
| 650 | _aMilitary Science | ||
| 650 | _aISSB BD | ||
| 650 | _aInter Service Selection Board | ||
| 942 |
_2ddc _cBK |
||